Bryant Myers - Bendecido Álbum - Estadísticas

Estadísticas generales
  • Esta prueba ha sido intentada 27 veces
  • La puntuación promedio es 10 de 17
Estadísticas de respuestas
Feat Canción % Correcto
Bendecido
81%
ft.Rauw Alejandro y Lyanno Ojitos
81%
24/7
76%
Gan-Ga
71%
ft. Zion & Lennox Indica
71%
Activa
67%
ft.KEVVO, J Quiles y Alex Rose Ganas
62%
ft. Farruko, Omy de Oro, El Alfa, Chen y Julito Militar
62%
ft.iZaak y Miky Woodz Contigo o sin ti
57%
Embriagá
57%
ft.Arcagel,Nicky Jam, Darell y ElAlfa WOW(Remix)
57%
Tentación
52%
ft.Tory Lanez y Farruko Birthday
48%
Se Fuerte
48%
Circunstancias
43%
Como Panas
38%
Relax
38%
No se encontraron pruebas coincidentes
Distribución de puntuación
Porcentaje de gente con cada puntuación
Porcentaje por número respondido
Historial de tus puntuaciones
No has intentado esta prueba.